Loading...

Aggregate supply response of crops in a developing region /

Bibliographic Details
Main Author: Bapna, S. L.
Format: Printed Book
Language:English
Published: Delhi: S. Chand, 1981.
Subjects:
LEADER 00645 a2200169 4500
008 100208b ||||| |||| 00| 0 eng d
082 |a 338.109544 
100 |a Bapna, S. L. 
245 |a Aggregate supply response of crops in a developing region /  |c S L Bapna 
260 |b S. Chand,  |a Delhi:  |c 1981. 
650 |a Agriculture--Economic aspects 
650 |a Agricultural productivity 
650 |a Supply and demand 
650 |a Field crops--Economic aspects 
942 |c BK 
999 |c 314606  |d 314606 
952 |0 0  |1 0  |2 ddc  |4 0  |6 338_109544000000000_BAP_A  |7 0  |9 360706  |a ECN  |b ECN  |c GEN  |d 2010-09-07  |g 0.00  |i 5116  |l 0  |o 338.109544 BAP/A  |p ECN5116  |r 2010-09-07  |w 2010-09-07  |y BK